ARRUPE JESUIT UNIVERSITY

CORONAVIRUS -STOP THE SPREAD - CLEAN,DISINFECT,COVER

Famine in Africa : (Record no. 131481)

MARC details
000 -LEADER
fixed length control field 01064cam a2200289 a 4500
001 - CONTROL NUMBER
control field 2885720
003 - CONTROL NUMBER IDENTIFIER
control field ARRUPE
005 - DATE AND TIME OF LATEST TRANSACTION
control field 20220520090126.0
008 - FIXED-LENGTH DATA ELEMENTS--GENERAL INFORMATION
fixed length control field 860521s1986 enka br 001 0 eng
010 ## - LIBRARY OF CONGRESS CONTROL NUMBER
LC control number 86162487
020 ## - INTERNATIONAL STANDARD BOOK NUMBER
International Standard Book Number 0902993135 (pbk.)
040 ## - CATALOGING SOURCE
Original cataloging agency DLC
Transcribing agency DLC
Modifying agency DLC
043 ## - GEOGRAPHIC AREA CODE
Geographic area code f------
050 00 - LIBRARY OF CONGRESS CALL NUMBER
Classification number Z7164.F7
Item number S43 1986
Classification number HC800.Z9F3
082 00 - DEWEY DECIMAL CLASSIFICATION NUMBER
Classification number 016.3638/096
Edition number 19
300 ## - PHYSICAL DESCRIPTION
Other physical details ill. ;
Dimensions 23 cm.
100 1# - MAIN ENTRY--PERSONAL NAME
Personal name Seeley, J. A.
9 (RLIN) 51727
245 10 - TITLE STATEMENT
Title Famine in Africa :
Remainder of title a guide to bibliographies and resource centres /
Statement of responsibility, etc compiled by J.A. Seeley.
260 ## - PUBLICATION, DISTRIBUTION, ETC. (IMPRINT)
Place of publication, distribution, etc Cambridge, England :
Name of publisher, distributor, etc African Studies Centre, University of Cambridge,
Date of publication, distribution, etc 1986.
300 ## - PHYSICAL DESCRIPTION
Extent x, 86 p. :
440 #0 - SERIES STATEMENT/ADDED ENTRY--TITLE
Title Cambridge African occasional papers ;
Volume number/sequential designation no. 1
9 (RLIN) 51728
500 ## - GENERAL NOTE
General note Includes indexes.
650 #0 - SUBJECT ADDED ENTRY--TOPICAL TERM
Topical term or geographic name as entry element Famines
Geographic subdivision Africa
General subdivision Bibliography of bibliographies.
9 (RLIN) 51729
650 #0 - SUBJECT ADDED ENTRY--TOPICAL TERM
Topical term or geographic name as entry element Famines
Geographic subdivision Africa
General subdivision Periodicals
-- Bibliography.
9 (RLIN) 51730
650 #0 - SUBJECT ADDED ENTRY--TOPICAL TERM
Topical term or geographic name as entry element Famines
Geographic subdivision Africa
General subdivision Information services
-- Directories.
9 (RLIN) 51731
906 ## - LOCAL DATA ELEMENT F, LDF (RLIN)
a 7
b cbc
c orignew
d 2
e ncip
f 19
g y-gencatlg
942 ## - ADDED ENTRY ELEMENTS (KOHA)
Source of classification or shelving scheme Library of Congress Classification
Koha item type Monograph ( Printed materials)
Holdings
Withdrawn status Lost status Source of classification or shelving scheme Damaged status Not for loan Collection code Home library Current library Shelving location Date acquired Total Checkouts Full call number Barcode Date last seen Price effective from Koha item type
    Library of Congress Classification     Main Collection ARRUPE LIBRARY ARRUPE LIBRARY Main Collection 20/05/2022   Z7164.F7 S43 1986 46600008717 20/05/2022 20/05/2022 Monograph ( Printed materials)

 

Arrupe Library. PO Box MP320 Mt Pleasant, Harare, Zimbabwe
263 242 745411|librarian@aju.ac.zw